Delta Air Lines Hubs - Statistics

General Stats
  • This quiz has been taken 935 times
  • The average score is 7 of 9
Answer Stats
Market share Airport % Correct
70% Atlanta
96%
18.1% Los Angeles
93%
33.6% New York-JFK
93%
16.9% Seattle
80%
15.5% Boston
77%
49% Detroit
71%
25.5% New York-LaGuardia
71%
49.2% Minneapolis-Saint Paul
69%
53.9% Salt Lake City
63%
No matching quizzes found
Score Distribution
Percent of People with Each Score
Percentile by Number Answered
Your Score History
You have not taken this quiz